| 000 | 00506 a2200169 4500 | ||
|---|---|---|---|
| 022 | _a813170324X | ||
| 040 |
_aDLC _bDLC |
||
| 082 | _a005.10685 | ||
| 100 | _aKan, Stephen H. | ||
| 245 |
_aMetrics and Models in Software Quality Engineering _cStephen H. Kan |
||
| 250 | _a2nd | ||
| 260 |
_aIndia _bPearson Education _c2007 |
||
| 300 |
_axxvii, 528 _bill. _c24 cm. |
||
| 500 | _aIncludes bibliographical references and index | ||
| 650 | _aComputer software --Quality control. | ||
| 942 |
_cBK _k005.10685 KAN _2ddc |
||
| 999 |
_c4326 _d4326 |
||